| 000 | 00488nam a2200181Ia 4500 | ||
|---|---|---|---|
| 008 | 191127s9999 xx 000 0 und d | ||
| 100 | _aBullmore, Edward | ||
| 245 | _aSeeing beyond depression/ | ||
| 245 | _cEdward Bullmore | ||
| 260 | _bSussex Publisher | ||
| 260 | _c2019 | ||
| 300 | _aPages 50-59, January/February 2019 | ||
| 440 |
_aPsychology Today: Escaping Depression _v51: 1 |
||
| 650 | _aDepression | ||
| 650 | _adisorder | ||
| 650 | _aPsychology | ||
| 650 | _atreatment | ||
| 999 |
_c362716 _d362716 |
||